The antiquities of Warwickshire (Record no. 113747)
[ view plain ]
| 000 -LEADER | |
|---|---|
| fixed length control field | 00986cam a22002055a 4500 |
| 001 - CONTROL NUMBER | |
| control field | L155680 |
| 008 - FIXED-LENGTH DATA ELEMENTS--GENERAL INFORMATION | |
| fixed length control field | 120402s1656 xxk f 000 0 eng d |
| 035 ## - SYSTEM CONTROL NUMBER | |
| System control number | (Sirsi) u155680 |
| 041 0# - LANGUAGE CODE | |
| Language code of text/sound track or separate title | eng |
| 100 1# - MAIN ENTRY--PERSONAL NAME | |
| Personal name | Dugdale, William |
| Titles and words associated with a name | Sir |
| Dates associated with a name | 1605-1686 |
| 245 04 - TITLE STATEMENT | |
| Title | The antiquities of Warwickshire |
| Remainder of title | illustrated; from records, leiger-books, manuscripts, charters, evidences, tombes, and armes: beautified with maps, prospects and portraictures. By William Dugdale |
| 260 ## - PUBLICATION, DISTRIBUTION, ETC. | |
| Place of publication, distribution, etc. | London |
| Name of publisher, distributor, etc. | printed by Thomas VVarren |
| Date of publication, distribution, etc. | in the year of our Lord God, M.DC.LVI. [1656] |
| 300 ## - PHYSICAL DESCRIPTION | |
| Extent | [16], 232, 283-460, 471-732, 743, 724-826, [16] p., [15] leaves of plates (some folded) |
| Other physical details | genealogical tables, maps, plans, port. |
| Dimensions | 2o |
| 520 ## - SUMMARY, ETC. | |
| Summary, etc. | Title page in red and black. |
| 583 ## - ACTION NOTE | |
| Action | Condition reviewed |
| Time/date of action | 20120620 |
| Status | condition level 4, detached boards and spine |
| 583 ## - ACTION NOTE | |
| Action | Sent for conservation |
| Time/date of action | 20130129 |
| Action agent | Elizabeth Neville |
| 651 #4 - SUBJECT ADDED ENTRY--GEOGRAPHIC NAME | |
| Geographic name | England |
| Chronological subdivision | 886- |
| 690 ## - LOCAL SUBJECT ADDED ENTRY--TOPICAL TERM (OCLC, RLIN) | |
| Topical term or geographic name as entry element | Conservation and restoration |
| 942 ## - ADDED ENTRY ELEMENTS (KOHA) | |
| Suppress in OPAC | 0 |
| Withdrawn status | Lost status | Source of classification or shelving scheme | Damaged status | Not for loan | Home library | Current library | Shelving location | Date acquired | Total Checkouts | Full call number | Barcode | Date last seen | Copy number | Price effective from | Koha item type |
|---|---|---|---|---|---|---|---|---|---|---|---|---|---|---|---|
| Dewey Decimal Classification | Historic collection | Historic collection | Historic collection | 02/04/2012 | FOLIO 1656 DUGDALE | 30077034 | 06/08/2019 | 1 | 06/08/2019 | Book |